<?xml version="1.0" encoding="UTF-8"?>
<record
    xmlns:xsi="http://www.w3.org/2001/XMLSchema-instance"
    xsi:schemaLocation="http://www.loc.gov/MARC21/slim http://www.loc.gov/standards/marcxml/schema/MARC21slim.xsd"
    xmlns="http://www.loc.gov/MARC21/slim">

  <leader>01204nam a2200313 i 4500</leader>
  <controlfield tag="001">8220</controlfield>
  <controlfield tag="003">ES-MaACL</controlfield>
  <controlfield tag="005">20250823063026.0</controlfield>
  <controlfield tag="007">t|</controlfield>
  <controlfield tag="008">920309s1991    mx           ||||1| spa d</controlfield>
  <datafield tag="020" ind1=" " ind2=" ">
    <subfield code="a">968-36-1940-1</subfield>
  </datafield>
  <datafield tag="080" ind1=" " ind2=" ">
    <subfield code="a">86.0(72)-6"19"</subfield>
  </datafield>
  <datafield tag="080" ind1=" " ind2=" ">
    <subfield code="a">86.0(72)(Guzm&#xE1;n,M.L.3.01)</subfield>
  </datafield>
  <datafield tag="080" ind1=" " ind2=" ">
    <subfield code="a">86.0(72)(Reyes,A.3.01)</subfield>
  </datafield>
  <datafield tag="100" ind1="1" ind2=" ">
    <subfield code="a">Guzm&#xE1;n, Mart&#xED;n Luis, </subfield>
    <subfield code="d">1887-1976</subfield>
    <subfield code="9">61297</subfield>
  </datafield>
  <datafield tag="245" ind1="1" ind2="0">
    <subfield code="a">Medias palabras : </subfield>
    <subfield code="b">correspondencia 1913-1959 / </subfield>
    <subfield code="c">Guzm&#xE1;n - Reyes ; edici&#xF3;n, pr&#xF3;logo (epistolar), notas y ap&#xE9;ndice documental, Fernando Curiel.</subfield>
  </datafield>
  <datafield tag="250" ind1=" " ind2=" ">
    <subfield code="a">1&#xAA; ed.</subfield>
  </datafield>
  <datafield tag="260" ind1=" " ind2=" ">
    <subfield code="a">M&#xE9;xico : </subfield>
    <subfield code="b">Universidad Nacional Aut&#xF3;noma, </subfield>
    <subfield code="c">1991.</subfield>
  </datafield>
  <datafield tag="300" ind1=" " ind2=" ">
    <subfield code="a">205 p. ; </subfield>
    <subfield code="c">24 cm.</subfield>
  </datafield>
  <datafield tag="490" ind1="1" ind2=" ">
    <subfield code="a">Nueva biblioteca mexicana ; </subfield>
    <subfield code="v">104</subfield>
  </datafield>
  <datafield tag="600" ind1="1" ind2="4">
    <subfield code="a">Guzm&#xE1;n, Mart&#xED;n Luis, </subfield>
    <subfield code="d">1887-1976- </subfield>
    <subfield code="x">Correspondencia</subfield>
    <subfield code="9">61298</subfield>
  </datafield>
  <datafield tag="600" ind1="1" ind2="4">
    <subfield code="a">Reyes, Alfonso,</subfield>
    <subfield code="d">1889-1959-</subfield>
    <subfield code="v">Correspondencia</subfield>
    <subfield code="9">96556</subfield>
  </datafield>
  <datafield tag="700" ind1="1" ind2=" ">
    <subfield code="a">Reyes, Alfonso,</subfield>
    <subfield code="d">1889-1959</subfield>
    <subfield code="9">96554</subfield>
  </datafield>
  <datafield tag="700" ind1="1" ind2=" ">
    <subfield code="a">Curiel, Fernando.</subfield>
    <subfield code="9">42216</subfield>
  </datafield>
  <datafield tag="710" ind1="2" ind2=" ">
    <subfield code="a">Universidad Nacional Aut&#xF3;noma de M&#xE9;xico.</subfield>
    <subfield code="9">7397</subfield>
  </datafield>
  <datafield tag="830" ind1="1" ind2=" ">
    <subfield code="a">Nueva biblioteca mexicana ; </subfield>
    <subfield code="v">104</subfield>
    <subfield code="9">227962</subfield>
  </datafield>
  <datafield tag="852" ind1="4" ind2=" ">
    <subfield code="a">ES-MaACL</subfield>
    <subfield code="j">L-15472  </subfield>
    <subfield code="z">- Dedicatoria aut&#xF3;grafa del ed. lit.</subfield>
  </datafield>
  <datafield tag="999" ind1=" " ind2=" ">
    <subfield code="c">8220</subfield>
    <subfield code="d">8220</subfield>
  </datafield>
  <datafield tag="952" ind1=" " ind2=" ">
    <subfield code="0">0</subfield>
    <subfield code="1">0</subfield>
    <subfield code="4">0</subfield>
    <subfield code="7">0</subfield>
    <subfield code="a">ATENEOM</subfield>
    <subfield code="b">ATENEOM</subfield>
    <subfield code="c">DEPO2</subfield>
    <subfield code="d">2008-01-17</subfield>
    <subfield code="e">SC</subfield>
    <subfield code="l">0</subfield>
    <subfield code="o">L-15472</subfield>
    <subfield code="p">1008389</subfield>
    <subfield code="r">2023-02-23 00:00:00</subfield>
    <subfield code="w">2023-02-23</subfield>
    <subfield code="y">MONOGRAFIA</subfield>
  </datafield>
</record>
